Music Quiz

Random Music or The Beatles Quiz
Score 0/198 Timer 06:00
0 Plays Today
Lyrics % Correct
a
98.5%
a
98.5%
a
98.5%
a
98.5%
a
98.5%
a
98.5%
a
98.5%
a
98.5%
I
98.4%
I
98.4%
I
98.4%
I
98.4%
I
98.4%
I
98.4%
I
98.4%
I
98.4%
I
98.4%
I
98.4%
I
98.4%
I
98.4%
I
98.4%
you
97.1%
you
97.1%
you
97.1%
you
97.1%
you
97.1%
you
97.1%
you
97.1%
you
97.1%
you
97.1%
little
96.6%
help
96.6%
little
96.6%
help
96.6%
little
96.6%
help
96.6%
little
96.6%
help
96.6%
little
96.6%
help
96.6%
little
96.6%
help
96.6%
little
96.6%
my
96.5%
friends
96.5%
my
96.5%
friends
96.5%
friends
96.5%
my
96.5%
my
96.5%
friends
96.5%
my
96.5%
friends
96.5%
my
96.5%
friends
96.5%
my
96.5%
help
96.4%
with
96.3%
from
96.3%
with
96.3%
from
96.3%
with
96.3%
from
96.3%
with
96.3%
from
96.3%
with
96.3%
Lyrics % Correct
from
96.3%
with
96.3%
from
96.3%
with
96.3%
would
95.6%
Would
95.6%
Would
95.6%
What
95.5%
What
95.5%
What
95.5%
out
94.8%
and
94.8%
out
94.8%
and
94.8%
and
94.8%
out
94.8%
out
94.8%
if
94.7%
get
94.7%
get
94.7%
get
94.7%
get
94.7%
get
94.7%
by
94.2%
by
94.2%
by
94.2%
by
94.2%
of
94%
of
94%
of
94%
do
93.9%
do
93.9%
do
93.9%
Do
93.9%
do
93.9%
me
93.4%
me
93.4%
sang
93.3%
on
92.9%
on
92.9%
tune
92.6%
to
92.4%
to
92.4%
to
92.4%
to
92.4%
walk
90.5%
your
90.3%
your
90.3%
Oh
89.6%
Oh
89.6%
sing
89%
sing
89%
try
88.5%
try
88.5%
try
88.5%
I'll
88.4%
I'll
88.4%
up
88.3%
stand
87.9%
love
87.7%
love
87.7%
love
87.7%
love
87.7%
song
87.5%
No
87.4%
when
86.3%
Lyrics % Correct
when
86.3%
key
85.7%
be
85.4%
be
85.4%
not
85.3%
Lend
85.2%
high
84.5%
high
84.5%
it
83.2%
it
83.2%
it
83.2%
the
82.6%
the
82.6%
the
82.6%
the
82.6%
ears
81.6%
need
79.1%
need
79.1%
anybody
76.1%
anybody
76.1%
somebody
75.1%
somebody
75.1%
I'm
74.9%
away
73.9%
is
73.5%
Could
72.9%
Yes
70.2%
want
69.9%
alone
69.8%
end
69.7%
day
69.7%
gonna
69.6%
gonna
69.6%
think
69.2%
all
68.5%
own
68.1%
Does
67.7%
at
67.7%
How
66.9%
you're
66.8%
in
66.5%
that
65.6%
time
64.3%
believe
63.1%
turn
62.8%
worry
62.7%
first
62.6%
Are
62.5%
sight
62.4%
feel
61.6%
but
61.6%
know
61.6%
light
61.4%
happens
61.1%
because
60.3%
see
60.1%
sad
59.8%
it's
59.7%
can't
57.6%
tell
56.9%
certain
56.5%
mine
54.9%
Mm
32.6%
Mm
32.6%
Mm
32.6%
Mm
32.6%
Remove Ads.
Support Sporcle.
Get the best of Sporcle when you Go Orange. This ad-free experience offers more features, more stats, and more fun while also helping to support Sporcle. Thank you for becoming a member.

You're not logged in!

Compare scores with friends on all Sporcle quizzes.
OR
Log In

Show Comments

Extras

Top Quizzes Today


Score Distribution

Your Account Isn't Verified!

In order to create a playlist on Sporcle, you need to verify the email address you used during registration. Go to your Sporcle Settings to finish the process.

Report this User

Report this user for behavior that violates our Community Guidelines.

Details: